000 00553nam a2200181 a 4500
005 20140414132115.0
008 111011s19uu xx 00 eng d
020 _a9780375844812
050 _aTR
_bT42 2010
100 _aPrimavera, Elise
245 _aThumb love /
_cElise Primavera.
250 _a1st ed.
260 _aNew York :
_bRobin Corey Books,
_c2010.
520 _aUnable to kick her thumb-sucking habit, Lulu develops a twelve-step program to help.
650 _aThumb sucking
_xFiction.
650 _aHumorous stories.
999 _c114898
_d114898